[Event "Benidorm Bali op-A"]
[Site "Benidorm"]
[Date "2022.12.03"]
[Round "1"]
[White "Granero Roca, Antonio"]
[Black "Jerie, Sven"]
[Result "1-0"]
[WhiteElo "2345"]
[BlackElo "2023"]
[PlyCount "95"]
[EventDate "2022.12.03"]
[EventType "swiss"]
[EventRounds "9"]
[EventCountry "ESP"]
[SourceTitle "CBM 211 Extra"]
[Source "ChessBase"]
[SourceDate "2023.01.31"]
[SourceVersion "1"]
[SourceVersionDate "2023.01.31"]
[SourceQuality "1"]

1. Nf3 Nf6 2. c4 e6 3. d4 d5 4. g3 Bb4+ 5. Bd2 a5 6. Qc2 0-0 7. Bg2 Ne4 8. 0-0 Nxd2 9. Nbxd2 Be7 10. Rac1 c6 11. e4 Nd7 12. Rfe1 Nf6 13. a3 Re8 14. h3 Bf8 15. e5 Nd7 16. h4 h6 17. c5 b6 18. b4 axb4 19. axb4 bxc5 20. bxc5 Ba6 21. Ra1 Bb5 22. Qc3 Qc7 23. Reb1 Qb7 24. Bf1 Rxa1 25. Qxa1 Ra8 26. Qc3 Qa6 27. Bxb5 cxb5 28. Nb3 Nb8 29. Ra1 Qb7 30. Na5 Qc7 31. Nb3 Qb7 32. Rxa8 Qxa8 33. Na5 Na6 34. Nd2 Nc7 35. Ndb3 Qe8 36. Nb7 Qd7 37. Nd6 f6 38. Qa5 fxe5 39. dxe5 Qc6 40. Qb6 Qxb6 41. cxb6 Na6 42. Nxb5 Kf7 43. Kf1 Ke7 44. N3d4 Kd7 45. Nc7 Nc5 46. Ndxe6 Nxe6 47. Nxe6 Be7 48. b7 1-0

[Event "Mutxamel 4th"]
[Site "Mutxamel"]
[Date "2022.09.09"]
[Round "9"]
[White "Granero Roca, Antonio"]
[Black "Kovacevic, Slobodan"]
[Result "1/2-1/2"]
[WhiteElo "2343"]
[BlackElo "2201"]
[PlyCount "62"]
[EventDate "2022.09.05"]
[EventType "tourn"]
[EventRounds "10"]
[EventCountry "ESP"]
[EventCategory "1"]
[SourceTitle "CBM 210 Extra"]
[Source "ChessBase"]
[SourceDate "2022.11.30"]
[SourceVersion "1"]
[SourceVersionDate "2022.11.30"]
[SourceQuality "1"]

1. c4 c5 2. Nc3 Nf6 3. e4 d6 4. Nf3 e6 5. Be2 a6 6. d3 Nc6 7. 0-0 Be7 8. h3 Rb8 9. Be3 0-0 10. Re1 b5 11. b3 b4 12. Nb1 e5 13. Nbd2 Nd4 14. Nf1 Ne8 15. Nxd4 cxd4 16. Bd2 Nc7 17. a3 a5 18. axb4 axb4 19. Ra4 Na6 20. Qc2 Bg5 21. Qa2 Bxd2 22. Nxd2 Rb6 23. Qc2 Nc5 24. Ra2 h6 25. Rea1 Bd7 26. Nf1 g6 27. Ng3 Qg5 28. Ra8 Rbb8 29. Rxb8 Rxb8 30. Ra7 h5 31. Kh2 Qf4 1/2-1/2

[Event "Mutxamel 4th"]
[Site "Mutxamel"]
[Date "2022.09.08"]
[Round "7"]
[White "Granero Roca, Antonio"]
[Black "Ilinca Ilinca, Felix Antonio"]
[Result "1-0"]
[WhiteElo "2343"]
[BlackElo "2184"]
[PlyCount "83"]
[EventDate "2022.09.05"]
[EventType "tourn"]
[EventRounds "10"]
[EventCountry "ESP"]
[EventCategory "1"]
[SourceTitle "CBM 210 Extra"]
[Source "ChessBase"]
[SourceDate "2022.11.30"]
[SourceVersion "1"]
[SourceVersionDate "2022.11.30"]
[SourceQuality "1"]

1. d4 d5 2. c4 e6 3. Nf3 Nf6 4. Nc3 Bb4 5. Qa4+ Nc6 6. e3 0-0 7. a3 Bxc3+ 8. bxc3 Ne7 9. Bd3 b6 10. cxd5 exd5 11. 0-0 c5 12. dxc5 bxc5 13. c4 Bb7 14. Rb1 dxc4 15. Bxh7+ Nxh7 16. Rxb7 Nc8 17. Rd1 Nb6 18. Qc2 Qc8 19. Re7 Rd8 20. Bd2 Rd7 21. Rxd7 Qxd7 22. Bc3 Qa4 23. Qc1 Nf8 24. Ng5 Qb3 25. Ba1 Re8 26. h4 Na4 27. Rd2 f6 28. Nf3 Ne6 29. Kh2 Nb6 30. h5 Rd8 31. Rxd8+ Nxd8 32. h6 Ne6 33. hxg7 Kxg7 34. e4 Qd3 35. e5 f5 36. Ng5 Nd4 37. Bxd4 cxd4 38. Ne6+ Kf7 39. Qh6 c3 40. Qf6+ Ke8 41. Qf8+ Kd7 42. Nc5+ 1-0

[Event "Mutxamel 4th"]
[Site "Mutxamel"]
[Date "2022.09.07"]
[Round "5"]
[White "Granero Roca, Antonio"]
[Black "Giaccio, Alfredo Gustavo"]
[Result "1/2-1/2"]
[WhiteElo "2343"]
[BlackElo "2360"]
[PlyCount "63"]
[EventDate "2022.09.05"]
[EventType "tourn"]
[EventRounds "10"]
[EventCountry "ESP"]
[EventCategory "1"]
[SourceTitle "CBM 210 Extra"]
[Source "ChessBase"]
[SourceDate "2022.11.30"]
[SourceVersion "1"]
[SourceVersionDate "2022.11.30"]
[SourceQuality "1"]

1. Nf3 Nf6 2. g3 d5 3. Bg2 g6 4. c4 c6 5. d4 Bg7 6. Nbd2 0-0 7. 0-0 Ne4 8. e3 Nxd2 9. Nxd2 dxc4 10. Nxc4 Be6 11. Qc2 Bd5 12. Bd2 Bxg2 13. Kxg2 Qd5+ 14. Kg1 Nd7 15. Rfd1 Rfe8 16. Be1 f5 17. Rac1 Rad8 18. Qb3 b6 19. Qc2 Rc8 20. Qe2 Nf8 21. b3 Ne6 22. Nd2 Red8 23. Nf3 h6 24. h4 Qe4 25. Nd2 Qd5 26. Nb1 Nc7 27. Nc3 Qe6 28. Qf3 Nd5 29. Nxd5 cxd5 30. Bb4 Kf7 31. Kf1 Kg8 32. Ke1 1/2-1/2

[Event "Mutxamel 4th"]
[Site "Mutxamel"]
[Date "2022.09.05"]
[Round "1"]
[White "Garcia Ramos, Marcos"]
[Black "Granero Roca, Antonio"]
[Result "0-1"]
[WhiteElo "2155"]
[BlackElo "2343"]
[PlyCount "87"]
[EventDate "2022.09.05"]
[EventType "tourn"]
[EventRounds "10"]
[EventCountry "ESP"]
[EventCategory "1"]
[SourceTitle "CBM 210 Extra"]
[Source "ChessBase"]
[SourceDate "2022.11.30"]
[SourceVersion "1"]
[SourceVersionDate "2022.11.30"]
[SourceQuality "1"]

1. e4 c5 2. Nf3 Nc6 3. Bb5 g6 4. 0-0 Bg7 5. c3 Nf6 6. Re1 0-0 7. d4 cxd4 8. cxd4 d5 9. e5 Ne4 10. Bxc6 bxc6 11. Be3 Rb8 12. b3 f6 13. exf6 exf6 14. Nbd2 Re8 15. Rc1 Bd7 16. Nxe4 Rxe4 17. Nd2 Re8 18. Nb1 f5 19. Qd2 Qb6 20. Red1 Re7 21. Nc3 Rbe8 22. Na4 Qb5 23. Nc5 Bc8 24. a4 Qb6 25. Re1 h6 26. h4 Kh7 27. g3 Bf6 28. Bf4 Qd8 29. Rxe7+ Qxe7 30. Be5 Bxe5 31. Re1 Qd6 32. Qe3 Bxd4 33. Qxe8 Qxg3+ 34. Kh1 Qf3+ 35. Kh2 Qxf2+ 36. Kh1 Qxh4+ 37. Kg2 Qf2+ 38. Kh1 h5 39. Nd7 Bxd7 40. Qxd7+ Kh6 41. Qe7 f4 42. Qf8+ Bg7 43. Qe7 Qf3+ 44. Kh2 0-1

[Event "Montserrat op"]
[Site "Montserrat"]
[Date "2022.08.30"]
[Round "2"]
[White "Gerona Maura, Jesus"]
[Black "Granero Roca, Antonio"]
[Result "0-1"]
[WhiteElo "1697"]
[BlackElo "2340"]
[PlyCount "62"]
[EventDate "2022.08.29"]
[EventType "swiss"]
[EventRounds "9"]
[EventCountry "ESP"]
[SourceTitle "CBM 210 Extra"]
[Source "ChessBase"]
[SourceDate "2022.11.30"]
[SourceVersion "1"]
[SourceVersionDate "2022.11.30"]
[SourceQuality "1"]

1. d4 Nf6 2. Nf3 g6 3. c4 Bg7 4. Nc3 d6 5. e4 0-0 6. Be2 Bg4 7. Ng1 Bxe2 8. Ngxe2 Nbd7 9. f3 a6 10. Be3 c5 11. 0-0 Qa5 12. Qd2 Rfc8 13. b3 b5 14. cxb5 axb5 15. Rfc1 Nb6 16. a4 b4 17. Na2 Nfd7 18. Rab1 Qa6 19. Rc2 e5 20. d5 Rf8 21. Nec1 f5 22. Qd3 fxe4 23. Qxa6 Rxa6 24. fxe4 Nf6 25. Nxb4 Raa8 26. Ncd3 Nxe4 27. Rd1 Rab8 28. Nc6 Nxd5 29. Nxc5 Nxe3 30. Nxe4 Nxc2 31. Nxb8 Rxb8 0-1

[Event "Sueca op 6th"]
[Site "Sueca"]
[Date "2022.07.31"]
[Round "9"]
[White "Granero Roca, Antonio"]
[Black "Rubio Tent, Francisco"]
[Result "1/2-1/2"]
[WhiteElo "2343"]
[BlackElo "2290"]
[PlyCount "50"]
[EventDate "2022.07.25"]
[EventType "swiss"]
[EventRounds "9"]
[EventCountry "ESP"]
[SourceTitle "CBM 209 Extra"]
[Source "ChessBase"]
[SourceDate "2022.09.30"]
[SourceVersion "1"]
[SourceVersionDate "2022.09.30"]
[SourceQuality "1"]

1. Nf3 d5 2. c4 c6 3. e3 Nf6 4. Nc3 a6 5. Qc2 g6 6. d4 b5 7. b3 Bf5 8. Bd3 Bxd3 9. Qxd3 Nbd7 10. 0-0 Bg7 11. Bd2 0-0 12. Rac1 Qb8 13. cxd5 cxd5 14. Rc2 Rc8 15. Rfc1 Qb7 16. Ne2 e6 17. Ba5 Ne8 18. Rc3 Bf8 19. Qc2 Nd6 20. Rc7 Rxc7 21. Qxc7 Rc8 22. Qxb7 Rxc1+ 23. Nxc1 Nxb7 24. Bd2 Nd6 25. Kf1 Ne4 1/2-1/2

[Event "Sueca op 6th"]
[Site "Sueca"]
[Date "2022.07.28"]
[Round "5"]
[White "Granero Roca, Antonio"]
[Black "Davtyan, David"]
[Result "1-0"]
[WhiteElo "2343"]
[BlackElo "2282"]
[PlyCount "56"]
[EventDate "2022.07.25"]
[EventType "swiss"]
[EventRounds "9"]
[EventCountry "ESP"]
[SourceTitle "CBM 209 Extra"]
[Source "ChessBase"]
[SourceDate "2022.09.30"]
[SourceVersion "1"]
[SourceVersionDate "2022.09.30"]
[SourceQuality "1"]

1. Nf3 Nf6 2. c4 e6 3. d4 d5 4. Nc3 Bb4 5. Qa4+ Nc6 6. Bg5 h6 7. Bxf6 Qxf6 8. e3 0-0 9. a3 Bxc3+ 10. bxc3 Bd7 11. Qc2 Rfd8 12. Qa2 Qg6 13. Qb1 Qxb1+ 14. Rxb1 b6 15. cxd5 exd5 16. Bd3 Na5 17. Ne5 Be6 18. Kd2 c5 19. Rb5 Rac8 20. f4 f6 21. Ng6 Kf7 22. f5 Bd7 23. Rb2 Bxf5 24. Bxf5 Nc4+ 25. Kc1 Nxb2 26. Kxb2 Rc7 27. Rf1 Re8 28. Rf3 cxd4 1-0

[Event "Sueca op 6th"]
[Site "Sueca"]
[Date "2022.07.26"]
[Round "2"]
[White "Bercaru, Vlad Ionut"]
[Black "Granero Roca, Antonio"]
[Result "0-1"]
[WhiteElo "1971"]
[BlackElo "2343"]
[PlyCount "68"]
[EventDate "2022.07.25"]
[EventType "swiss"]
[EventRounds "9"]
[EventCountry "ESP"]
[SourceTitle "CBM 209 Extra"]
[Source "ChessBase"]
[SourceDate "2022.09.30"]
[SourceVersion "1"]
[SourceVersionDate "2022.09.30"]
[SourceQuality "1"]

1. c4 Nf6 2. Nc3 c5 3. Nf3 Nc6 4. d4 cxd4 5. Nxd4 d6 6. e4 g6 7. Be2 Bg7 8. Be3 0-0 9. 0-0 Bd7 10. Qd2 Nxd4 11. Bxd4 a5 12. b3 Bc6 13. f3 Nd7 14. Rab1 Nc5 15. Kh1 Qb6 16. Rfd1 Rfc8 17. Nd5 Bxd5 18. exd5 Qb4 19. Qe3 a4 20. Bxg7 Kxg7 21. Rd4 h6 22. h4 axb3 23. axb3 h5 24. f4 Ra3 25. Bd1 Nd7 26. Re4 Rxc4 27. Rxe7 Rxf4 28. g3 Rf1+ 29. Kg2 Rf5 30. Rxd7 Ra2+ 31. Be2 Re5 32. Qf3 Rexe2+ 33. Kf1 Rf2+ 34. Qxf2 Qb5+ 0-1